000 00889nam a2200229Ii 4500
003 JO-AjNU
008 230605s9999||||xx |||||||||||||| ||und||
017 _a2007/3/768
020 _a9957-16-319-8
040 _aJO-AjNU
_bara
_erda
_cJO-AjNU
041 _aara
050 1 4 _aKMP170.A4764.2010
100 3 _aالأخرس، نشأت عبد الرحمن,
_eauthor
_912312
245 0 0 _aشرح قانون أصول المحاكمات المدنية : التنظيم القضائي والاختصاص والقضاء المستعجل "دراسة مقارنة "
250 _aط2
264 3 1 _aعمان : دار الثقافة ، 2010
300 _a447ص
336 _atext
_btxt
_2rdacontent
337 _aunmediated
_bn
_2rdamedia
338 _avolume
_bnc
_2rdacarrier
650 4 _aالمحاكمات المدنية -- الأردن -- القضاء المستعجل -- الأردن
_912313
999 _aA2773
_c6341
_d6341